000 00845nam a2200145Ia 4500
008 180921t1986 xxu||||| ||||o00| 0 sin d
041 _asin
245 _aශ්‍රී ලංකා ප්‍රජාතාන්ත්‍රික සමාජවාදී ජනරජයේ පාර්ලිමේන්තුව : 1986 අංක 2 දරණ පල්ලේබැද්දේ ශ්‍රී සංඛපාල රජමහ විහාර සංවර්ධන සභාව ( සංස්ථාගත කිරීමේ ) පනත
246 _aSri Lanka Prajathantrika Samajavadi Janarajaye Parlimenthuwa : 1986 Anka 2 Darana Pallebadde Sri Sankapala Rajamaha Vihara Sanwardhana Sabawa ( Sansthagatha Kirime ) Panatha
260 _c1986
300 _a28 cm
942 _cBK
999 _c68509
_d68509
003 LK-CoDNM
040 _aLK-CoDNM
_dLK-CoDNM
_eLK-CoDNM